书目信息 |
| 题名: |
日本语
|
|
| 作者: | 姜玲 , 王净华 主编 | |
| 分册: | 3 | |
| 出版信息: | 武汉 武汉大学出版社 2008.08 |
|
| 页数: | 379页 | |
| 开本: | 24cm | |
| 丛书名: | 高等学校日语专业教材系列 | |
| 单 册: | ||
| 中图分类: | H36 | |
| 科图分类: | ||
| 主题词: | 日语--ri yu--高等学校--教材 | |
| 电子资源: | ||
| ISBN: | 978-7-307-06468-3 | |
| 000 | 00957nam 2200265 450 | |
| 001 | 012009331293 | |
| 005 | 20090505154035.69 | |
| 010 | @a978-7-307-06468-3@dCNY34.00 (含光盘) | |
| 100 | @a20090505d2008 em y0chi0120 ea | |
| 101 | 0 | @achi@ajpn |
| 102 | @aCN@b420000 | |
| 105 | @ay z 000yy | |
| 106 | @ar | |
| 200 | 1 | @a日本语@Ari ben yu@h3@f姜玲, 王净华主编@Fjiang ling,wang jing hua zhu bian |
| 210 | @a武汉@c武汉大学出版社@d2008.08 | |
| 215 | @a379页@d24cm@e光盘1片 | |
| 225 | 2 | @a高等学校日语专业教材系列@Agao deng xue xiao ri yu zhuan ye jiao cai xi lie |
| 330 | @a本教材以主要的惯用句型、惯用词组、接续助词、副词、复合词为主要内容。在词汇方面突出了词义的辨析、句型的比较等内容。 | |
| 410 | 0 | @12001 @a高等学校日语专业教材系列 |
| 606 | 0 | @a日语@Ari yu@x高等学校@j教材 |
| 690 | @aH36@v4 | |
| 701 | 0 | @a姜玲@Ajiang ling@4主编 |
| 701 | 0 | @a王净华@Awang jing hua@4主编 |
| 801 | 0 | @aCN@bQSSK@c20090505 |
| 905 | @b742457-59@dH36@eJ512:3@f3 | |
| 日本语.3/姜玲, 王净华主编.-武汉:武汉大学出版社,2008.08 |
| 379页;24cm+光盘1片.-(高等学校日语专业教材系列) |
| ISBN 978-7-307-06468-3:CNY34.00 (含光盘) |
| 本教材以主要的惯用句型、惯用词组、接续助词、副词、复合词为主要内容。在词汇方面突出了词义的辨析、句型的比较等内容。 |
| ● |
| 相关链接 |
|
|
|
正题名:日本语
索取号:H36/J512:3
 
预约/预借
| 序号 | 登录号 | 条形码 | 馆藏地/架位号 | 状态 | 备注 |
| 1 | 742457 | 207424571 | 语言库209/209语言库 123排2列5层/ [索取号:H36/J512:3] | 在馆 | |
| 2 | 742458 | 207424580 | 语言库209/209语言库 123排2列5层/ [索取号:H36/J512:3] | 在馆 | |
| 3 | 742459 | 207424599 | 语言库209/209语言库 123排2列5层/ [索取号:H36/J512:3] | 在馆 |